00202 a2200085 450000100060000004000240000624000320003024500300006265000240009268540 cAnchieta - Itaigara10aA escola da Tia Maristelal10aA escola da Tia Maristela 4aLiteratura infantil